000 00511nam a22001691a 4500
003 NEGST
005 20110718132513.0
008 030618s 001 0 eng d
100 1 _aMaxwell, J Lowry.
245 1 0 _aYau da gobe :
_ba Hausa grammar for beginners /
_crev. by Eleanor M. Forshey.
_h[Text]
260 _aLagos
_bNiger Challenge
_c[n.d.]
300 _a192 p.
500 _aIncludes bibliography and index.
590 _aAccession number: 21718
650 0 _aHausa language
_xGrammar.
999 _c37522
_d37522